| 000 | 00586nam a2200193 a 4500 | ||
|---|---|---|---|
| 005 | 20240924063933.0 | ||
| 008 | 991125s1978 ug 000 0 spa u | ||
| 035 | _aUPN01000017608 | ||
| 049 | _aCG | ||
| 050 | 4 |
_aLB1027.5 _bO4.4 |
|
| 100 | 1 | _aOliveira, Carlos | |
| 245 | 1 | 0 |
_aEducación, formación profesional, empleo y recursos humanos / _cCarlos Oliveira. |
| 260 |
_aMontevideo : _bCinterfor : _bOIT, _c1978. |
||
| 300 | _a89 p. | ||
| 440 | 0 |
_aEstudios y monografías ; _v29 |
|
| 650 | 4 |
_aEducación _xInvestigación _94070 |
|
| 650 | 4 |
_aOrientación vocacional _95 |
|
| 905 | _aLibro | ||
| 999 |
_c17608 _d17608 |
||